000 00735nam a22002777a 4500
001 0031544
003 KOHA_MİRAKIL
005 20260207002804.0
007 ta
008 110822b1991 tu |||gr||||#||||0|tur |
040 _aTR-BiSEU
_btur
_cTR-BiSEU
_erda
041 0 _atur
044 _ctu
050 _aKKX3790
_b.T63 1991
100 1 _aToroslu, Nevzat.
245 1 _aCeza hukuku/
_cNevzat Toroslu ; Nevzat Toroslu.
250 _a2. bs.
264 1 _aAnkara :
_bSavaş Yayınları
_c1991
300 _aXVI, 387 s.; 20 cm.
336 _ametin
_btxt
_2rdacontent
337 _aaracısız
_bn
_2rdamedia
338 _acilt
_bnc
_2rdacarrier
650 0 _aHukuk.
_93772
650 0 _aCeza hukuku.
_922821
942 _2lcc
_cBK
999 _c31456
_d31456